[Event "POL-chT 2nd League"]
[Site "Jastrzebia Gora"]
[Date "2023.09.03"]
[Round "2.21"]
[White "Solnicki, Michal"]
[Black "Rudecki, Bartosz"]
[Result "1-0"]
[WhiteElo "2110"]
[BlackElo "1880"]
[PlyCount "51"]
[EventDate "2023.09.02"]
[EventType "team-swiss"]
[EventRounds "9"]
[EventCountry "POL"]
[SourceTitle "EXT 2024"]
[Source "ChessBase"]
[SourceDate "2023.10.10"]
[SourceVersion "1"]
[SourceVersionDate "2023.10.10"]
[SourceQuality "1"]
[WhiteTeam "Warszawa Mogalo"]
[BlackTeam "Zory Roszada"]
[WhiteTeamCountry "POL"]
[BlackTeamCountry "POL"]

1. Nf3 d5 2. d3 f5 3. c4 c6 4. b3 Nf6 5. Bb2 e6 6. Nbd2 Be7 7. Qc2 0-0 8. a3 a5 9. e4 Bd7 10. Be2 Be8 11. Nd4 Qd7 12. exf5 exf5 13. N2f3 Bd6 14. 0-0 c5 15. Nb5 d4 16. b4 b6 17. bxc5 bxc5 18. Rab1 Nc6 19. Nxd6 Qxd6 20. Bc1 Rb8 21. Rxb8 Qxb8 22. g3 Nh5 23. Ng5 f4 24. Qd1 fxg3 25. Bxh5 gxf2+ 26. Kg2 1-0

[Event "POL-chT 2nd League"]
[Site "Sypniewo"]
[Date "2021.09.07"]
[Round "4.3"]
[White "Solnicki, Michal"]
[Black "Stankiewicz, Pawel"]
[Result "1/2-1/2"]
[WhiteElo "2166"]
[BlackElo "2104"]
[PlyCount "118"]
[EventDate "2021.09.04"]
[EventType "team-swiss"]
[EventRounds "9"]
[EventCountry "POL"]
[SourceTitle "CBM 204 Extra"]
[Source "ChessBase"]
[SourceDate "2021.11.30"]
[SourceVersion "1"]
[SourceVersionDate "2021.11.30"]
[SourceQuality "1"]
[WhiteTeam "Warszawa Mogalo"]
[BlackTeam "Zarow Goniec"]
[WhiteTeamCountry "POL"]
[BlackTeamCountry "POL"]

1. d4 Nf6 2. g3 g6 3. Bg2 Bg7 4. e4 d6 5. Ne2 0-0 6. 0-0 c5 7. h3 Nc6 8. d5 Na5 9. Nbc3 a6 10. a4 Rb8 11. g4 b5 12. axb5 axb5 13. Ng3 Qb6 14. Nce2 Nd7 15. Ra2 b4 16. b3 c4 17. Be3 Nc5 18. Nc1 Ba6 19. Nge2 Rfc8 20. Re1 Ra8 21. Nd4 Qc7 22. h4 Bb7 23. h5 e6 24. hxg6 hxg6 25. dxe6 Nxe6 26. Nxe6 fxe6 27. Ne2 Qe7 28. Bd4 Bxd4 29. Nxd4 e5 30. Nb5 cxb3 31. cxb3 Bc6 32. Nxd6 Rd8 33. Rd2 Kg7 34. Re3 Nb7 35. Red3 Nxd6 36. Rxd6 Rxd6 37. Rxd6 Rc8 38. Bf1 Rc7 39. f3 Rd7 40. Rxd7 Qxd7 41. Qa1 Qe7 42. Qa5 Kh6 43. Qb6 Be8 44. Kg2 Kg7 45. Bc4 Kh6 46. Bd5 Kg7 47. Kg3 Kh6 48. Bc4 Qf8 49. Qe3+ g5 50. Qb6+ Bg6 51. Kg2 Qe7 52. Kf2 Qf8 53. Ke2 Qf4 54. Bd5 Qh2+ 55. Kd3 Qg2 56. Qe3 Qf1+ 57. Kc2 Qg2+ 58. Kd1 Qf1+ 59. Kd2 Qg2+ 1/2-1/2

[Event "POL-chT 2nd League"]
[Site "Jastrzebia Gora"]
[Date "2019.09.15"]
[Round "9.18"]
[White "Stachanczyk, Jacek"]
[Black "Solnicki, Michal"]
[Result "1/2-1/2"]
[WhiteElo "2168"]
[BlackElo "2143"]
[PlyCount "113"]
[EventDate "2019.09.07"]
[EventType "team-swiss"]
[EventRounds "9"]
[EventCountry "POL"]
[SourceTitle "EXT 2020"]
[Source "ChessBase"]
[SourceDate "2019.10.17"]
[SourceVersion "1"]
[SourceVersionDate "2019.10.17"]
[SourceQuality "1"]
[WhiteTeam "Jaworzno"]
[BlackTeam "Warszawa Mogalo"]
[WhiteTeamCountry "POL"]
[BlackTeamCountry "POL"]

1. c4 c5 2. g3 Nc6 3. Bg2 g6 4. Nc3 Bg7 5. Nf3 e5 6. 0-0 Nge7 7. a3 0-0 8. Rb1 d5 9. cxd5 Nxd5 10. Nxd5 Qxd5 11. d3 Qd6 12. Ng5 Rb8 13. Ne4 Qe7 14. b4 cxb4 15. axb4 Nd4 16. e3 Nb5 17. Qd2 Rd8 18. Nc3 Nxc3 19. Qxc3 Bf5 20. Rd1 Rbc8 21. Qa3 b6 22. Ra1 Rc7 23. Qb3 Be6 24. Qb1 Bc4 25. Bb2 Bb5 26. Bf1 Rcd7 27. Bc3 Rc7 28. Qb2 Rdc8 29. Rac1 Ba4 30. Re1 Bb5 31. Red1 Ba4 32. Re1 Qe6 33. d4 e4 34. Ba6 Qd5 35. Bxc8 Rxc8 36. Bd2 Bd7 37. Rxc8+ Bxc8 38. Qc2 Bh3 39. Qc7 g5 40. Qb8+ Bf8 41. Qe5 Qxe5 42. dxe5 a5 43. bxa5 bxa5 44. Ra1 Kg7 45. Rxa5 Kg6 46. Bc3 Be6 47. Kg2 h5 48. f3 exf3+ 49. Kxf3 Be7 50. e4 g4+ 51. Ke3 h4 52. Kd4 hxg3 53. hxg3 Bg5 54. Kd3 Kg7 55. Bb4 Bd8 56. Rb5 Kh7 57. Ra5 1/2-1/2

[Event "POL-chT 2nd League"]
[Site "Jastrzebia Gora"]
[Date "2019.09.10"]
[Round "4.21"]
[White "Solnicki, Michal"]
[Black "Chojnacki, Slawomir"]
[Result "1-0"]
[WhiteElo "2143"]
[BlackElo "2218"]
[PlyCount "65"]
[EventDate "2019.09.07"]
[EventType "team-swiss"]
[EventRounds "9"]
[EventCountry "POL"]
[SourceTitle "EXT 2020"]
[Source "ChessBase"]
[SourceDate "2019.10.17"]
[SourceVersion "1"]
[SourceVersionDate "2019.10.17"]
[SourceQuality "1"]
[WhiteTeam "Warszawa Mogalo"]
[BlackTeam "Chroscice Victoria"]
[WhiteTeamCountry "POL"]
[BlackTeamCountry "POL"]

1. d4 Nf6 2. Nf3 g6 3. g3 b6 4. Bg2 Bb7 5. c4 Bg7 6. 0-0 0-0 7. Nc3 d6 8. d5 Nbd7 9. Nd4 a5 10. Rb1 Nc5 11. b3 Qd7 12. h3 e6 13. e4 e5 14. Nde2 Nh5 15. a3 f5 16. exf5 gxf5 17. b4 axb4 18. axb4 Na4 19. Nb5 f4 20. gxf4 Nxf4 21. Bxf4 exf4 22. Ned4 f3 23. Nxf3 c6 24. dxc6 Bxc6 25. Ng5 Bxg2 26. Kxg2 Rf5 27. Qg4 Raf8 28. Rb3 h6 29. Ne4 Qc6 30. Rg3 R8f7 31. Nd4 Qd7 32. Nxf5 Rxf5 33. Nf6+ 1-0

[Event "POL-ch U26 rapid"]
[Site "Hucisko"]
[Date "2016.01.15"]
[Round "3"]
[White "Lewtak, Damian"]
[Black "Solnicki, Michal"]
[Result "1-0"]
[WhiteElo "2338"]
[BlackElo "2143"]
[PlyCount "97"]
[EventDate "2016.01.15"]
[EventType "swiss (rapid)"]
[EventRounds "9"]
[EventCountry "POL"]
[SourceTitle "CBM 170 Extra"]
[Source "ChessBase"]
[SourceDate "2016.02.25"]
[SourceVersion "1"]
[SourceVersionDate "2016.02.25"]
[SourceQuality "1"]

1. Nf3 c5 2. c4 Nc6 3. g3 g6 4. Bg2 Bg7 5. Nc3 d6 6. 0-0 Nh6 7. e3 0-0 8. d4 cxd4 9. exd4 Bg4 10. h3 Bxf3 11. Bxf3 Nf5 12. Bxc6 bxc6 13. d5 Rc8 14. Qd3 Re8 15. Bd2 Qb6 16. b3 Qd4 17. Qxd4 Bxd4 18. dxc6 Nxg3 19. Rfe1 Nf5 20. Kg2 Rxc6 21. Rad1 Bxc3 22. Bxc3 f6 23. Bb4 Kf7 24. Rd5 Rb8 25. Bd2 Ra6 26. Ra5 Rxa5 27. Bxa5 Rb7 28. Rd1 e5 29. Rd5 Ke6 30. Rb5 Rd7 31. Rb8 Nd4 32. Bc3 Ne2 33. Bd2 f5 34. a4 Nd4 35. a5 f4 36. a6 Rc7 37. Ba5 Rc6 38. Bb6 Nxb3 39. Rb7 Nd2 40. c5 dxc5 41. Bxa7 Rxa6 42. Bxc5 f3+ 43. Kh2 Nf1+ 44. Kg1 Ra1 45. Rxh7 Kd5 46. Bb6 Ne3+ 47. Kh2 Nf1+ 48. Kg1 Rb1 49. h4 1-0

[Event "Warsaw YMCA 162nd"]
[Site "Warsaw"]
[Date "2015.10.16"]
[Round "3"]
[White "Nguyen, Piotr"]
[Black "Solnicki, Michal"]
[Result "1/2-1/2"]
[WhiteElo "2329"]
[BlackElo "2148"]
[PlyCount "61"]
[EventDate "2015.10.01"]
[EventType "tourn"]
[EventRounds "10"]
[EventCountry "POL"]
[EventCategory "1"]
[SourceTitle "EXT 2017"]
[Source "ChessBase"]
[SourceDate "2016.10.25"]
[SourceVersion "1"]
[SourceVersionDate "2016.10.25"]
[SourceQuality "1"]

1. e4 c5 2. Nf3 d6 3. Bb5+ Nd7 4. 0-0 a6 5. Bxd7+ Bxd7 6. d4 cxd4 7. Qxd4 e5 8. Qd3 h6 9. Nfd2 Nf6 10. Nc3 Rc8 11. Nc4 Be6 12. Ne3 Be7 13. a4 0-0 14. a5 Qc7 15. Rd1 Rfd8 16. Bd2 Bf8 17. Be1 Nh5 18. g3 Nf6 19. b3 g6 20. Na4 Qc6 21. Nb6 Nxe4 22. Nxc8 Rxc8 23. Bb4 Ng5 24. Nd5 e4 25. Qc4 Qxc4 26. bxc4 Rxc4 27. c3 Kg7 28. Ne3 Rc6 29. h4 Nf3+ 30. Kg2 Ne5 31. Rd4 1/2-1/2

[Event "Warsaw YMCA 162nd"]
[Site "Warsaw"]
[Date "2015.10.09"]
[Round "2"]
[White "Solnicki, Michal"]
[Black "Nowak, Lukasz1111"]
[Result "1/2-1/2"]
[WhiteElo "2148"]
[BlackElo "2242"]
[PlyCount "50"]
[EventDate "2015.10.01"]
[EventType "tourn"]
[EventRounds "10"]
[EventCountry "POL"]
[EventCategory "1"]
[SourceTitle "EXT 2017"]
[Source "ChessBase"]
[SourceDate "2016.10.25"]
[SourceVersion "1"]
[SourceVersionDate "2016.10.25"]
[SourceQuality "1"]

1. d4 Nf6 2. c4 g6 3. g3 Bg7 4. Bg2 0-0 5. Nc3 d6 6. e4 c5 7. Nge2 Nc6 8. 0-0 cxd4 9. Nxd4 Nxd4 10. Qxd4 Be6 11. Qd3 Rc8 12. b3 d5 13. exd5 Nxd5 14. Bxd5 Bxd5 15. Qxd5 Bxc3 16. Qxd8 Rfxd8 17. Rb1 Rc6 18. Be3 Bd4 19. Rfe1 e6 20. Bxd4 Rxd4 21. Rb2 Kf8 22. Kg2 h5 23. h4 Ke7 24. Kf3 a5 25. Re5 b6 1/2-1/2

[Event "POL-chT 1st League"]
[Site "Poronin"]
[Date "2012.09.04"]
[Round "4"]
[White "Wlodarczyk, Oskar"]
[Black "Solnicki, Michal"]
[Result "0-1"]
[WhiteElo "2285"]
[BlackElo "2145"]
[PlyCount "70"]
[EventDate "2012.09.01"]
[EventType "team-tourn"]
[EventRounds "9"]
[EventCountry "POL"]
[SourceTitle "EXT 2013"]
[Source "ChessBase"]
[SourceDate "2012.11.22"]
[SourceVersion "1"]
[SourceVersionDate "2012.11.22"]
[SourceQuality "1"]
[WhiteTeam "Ostrow Wielkopolski"]
[BlackTeam "Warszawa Polonia"]
[WhiteTeamCountry "POL"]
[BlackTeamCountry "POL"]

1. e4 c5 2. Nf3 g6 3. c3 Bg7 4. d4 cxd4 5. cxd4 d5 6. e5 Nh6 7. Nc3 0-0 8. Be2 Nc6 9. 0-0 Bg4 10. h3 Bxf3 11. Bxf3 e6 12. Be3 f6 13. exf6 Qxf6 14. Re1 Nf5 15. Ne2 Rae8 16. Qd2 Nh4 17. Rad1 Kh8 18. Ng3 Nxf3+ 19. gxf3 e5 20. Bg5 Qf7 21. dxe5 Nxe5 22. Rxe5 Rxe5 23. f4 Ree8 24. f5 gxf5 25. Qxd5 Re1+ 26. Kh2 Qxd5 27. Rxd5 f4 28. Nh5 Re5 29. Bh6 Rxd5 30. Bxg7+ Kg8 31. Bxf8 Kxf8 32. Nxf4 Rd2 33. Kg3 Rxb2 34. a4 Ra2 35. Ne6+ Ke7 0-1

[Event "POL-chT 1st League"]
[Site "Poronin"]
[Date "2012.09.??"]
[Round "2"]
[White "Chalupnik, Marcin"]
[Black "Solnicki, Michal"]
[Result "1-0"]
[WhiteElo "2215"]
[BlackElo "2145"]
[PlyCount "91"]
[EventDate "2012.09.01"]
[EventType "team-tourn"]
[EventRounds "9"]
[EventCountry "POL"]
[SourceTitle "EXT 2013"]
[Source "ChessBase"]
[SourceDate "2012.11.22"]
[SourceVersion "1"]
[SourceVersionDate "2012.11.22"]
[SourceQuality "1"]
[WhiteTeam "Warszawa YMCA"]
[BlackTeam "Warszawa Polonia"]
[WhiteTeamCountry "POL"]
[BlackTeamCountry "POL"]

1. c4 c5 2. Nc3 Nc6 3. g3 g6 4. Bg2 Bg7 5. Nf3 e5 6. 0-0 Nge7 7. a3 0-0 8. Ne1 d6 9. Nc2 Be6 10. Ne3 Qd7 11. Rb1 Bh3 12. b4 Bxg2 13. Kxg2 f5 14. Ned5 Nxd5 15. cxd5 cxb4 16. axb4 Ne7 17. Qb3 g5 18. d3 g4 19. f4 gxf3+ 20. exf3 Kh8 21. Bd2 Rf6 22. b5 Rg6 23. b6 a6 24. Rbc1 h5 25. Ne2 Rb8 26. f4 h4 27. Rc7 Qe8 28. fxe5 dxe5 29. Qc4 f4 30. Qe4 Rxb6 31. Nxf4 Qd8 32. Rxe7 Qxe7 33. Ng6+ Rxg6 34. Qxg6 h3+ 35. Kxh3 Qd7+ 36. g4 Rf8 37. Rxf8+ Bxf8 38. Qh5+ Qh7 39. Qxh7+ Kxh7 40. g5 b5 41. Kg4 b4 42. Kf5 b3 43. Bc1 Bc5 44. Ke6 Be3 45. Bxe3 b2 46. Kf7 1-0

[Event "POL-chT 1st League"]
[Site "Poronin"]
[Date "2012.09.??"]
[Round "6"]
[White "Jaroch, Karol"]
[Black "Solnicki, Michal"]
[Result "1-0"]
[WhiteElo "2238"]
[BlackElo "2145"]
[PlyCount "91"]
[EventDate "2012.09.01"]
[EventType "team-tourn"]
[EventRounds "9"]
[EventCountry "POL"]
[SourceTitle "EXT 2013"]
[Source "ChessBase"]
[SourceDate "2012.11.22"]
[SourceVersion "1"]
[SourceVersionDate "2012.11.22"]
[SourceQuality "1"]
[WhiteTeam "Pawlowice GKS Pniowek 74"]
[BlackTeam "Warszawa Polonia"]
[WhiteTeamCountry "POL"]
[BlackTeamCountry "POL"]

1. e4 c5 2. a3 g6 3. Bc4 Bg7 4. Ne2 e6 5. Nbc3 Ne7 6. d4 cxd4 7. Nxd4 a6 8. 0-0 b5 9. Be2 Bb7 10. Bg5 h6 11. Bh4 Qb6 12. Nb3 g5 13. Bg3 d5 14. a4 d4 15. a5 Qd8 16. Nc5 Bc6 17. f4 0-0 18. Na2 Nd7 19. Nxd7 Qxd7 20. fxg5 hxg5 21. Bd3 f5 22. exf5 Nxf5 23. Qh5 e5 24. Bxe5 Qd5 25. Qxg5 Qxe5 26. Rxf5 Rxf5 27. Qxf5 Qxf5 28. Bxf5 Re8 29. Nb4 Bb7 30. Bg4 Bh6 31. Bf3 Bxf3 32. gxf3 Re6 33. Kf1 Bd2 34. Nd5 Rh6 35. Kg2 Rg6+ 36. Kf1 Rh6 37. Kg2 Rg6+ 38. Kh1 Rd6 39. Rd1 Rxd5 40. Rxd2 b4 41. Kg2 Kf7 42. f4 Ke6 43. Kf3 Kf5 44. Rg2 d3 45. Rg5+ Ke6 46. Rxd5 1-0

[Event "POL-chT 1st League"]
[Site "Poronin"]
[Date "2012.09.??"]
[Round "5"]
[White "Solnicki, Michal"]
[Black "Praszak, Michal"]
[Result "1-0"]
[WhiteElo "2145"]
[BlackElo "2156"]
[PlyCount "85"]
[EventDate "2012.09.01"]
[EventType "team-tourn"]
[EventRounds "9"]
[EventCountry "POL"]
[SourceTitle "EXT 2013"]
[Source "ChessBase"]
[SourceDate "2012.11.22"]
[SourceVersion "1"]
[SourceVersionDate "2012.11.22"]
[SourceQuality "1"]
[WhiteTeam "Warszawa Polonia"]
[BlackTeam "Lublin Drakon SKOK Chmielewskiego"]
[WhiteTeamCountry "POL"]
[BlackTeamCountry "POL"]

1. c4 b6 2. Nf3 Bb7 3. b3 Nf6 4. Bb2 e6 5. e3 Be7 6. Be2 0-0 7. 0-0 d6 8. d4 Nbd7 9. Nbd2 c5 10. Rc1 Rc8 11. Qc2 Qc7 12. Qb1 Qb8 13. e4 cxd4 14. Nxd4 Qa8 15. Bd3 Nc5 16. Rce1 Nxd3 17. Qxd3 Rfd8 18. Re3 g6 19. Rfe1 Rc5 20. Rg3 Nh5 21. Rf3 Rg5 22. g3 e5 23. Ne2 f5 24. Nc3 Nf4 25. Rxf4 exf4 26. Nd5 Rd7 27. Qd4 Qf8 28. Nf3 Bxd5 29. Qh8+ Kf7 30. Nxg5+ Ke8 31. exd5 Qxh8 32. Bxh8 fxg3 33. hxg3 h6 34. Ne6 Kf7 35. Bd4 Rb7 36. a4 h5 37. Kg2 Rb8 38. f4 a6 39. Kf3 Rb7 40. Ng5+ Bxg5 41. fxg5 b5 42. cxb5 axb5 43. a5 1-0

[Event "Rewal op-A 17th"]
[Site "Rewal"]
[Date "2012.08.21"]
[Round "1"]
[White "Solnicki, Michal"]
[Black "Malinowski, Damian"]
[Result "1-0"]
[WhiteElo "2141"]
[BlackElo "1827"]
[PlyCount "53"]
[EventDate "2012.08.20"]
[EventType "swiss"]
[EventRounds "9"]
[EventCountry "POL"]
[SourceTitle "CBM 150 Extra"]
[Source "ChessBase"]
[SourceDate "2012.10.19"]
[SourceVersion "1"]
[SourceVersionDate "2012.10.19"]
[SourceQuality "1"]

1. e4 c6 2. d4 d5 3. exd5 cxd5 4. c4 Nf6 5. Nc3 Nc6 6. Bf4 e6 7. Nf3 Bb4 8. Qc2 0-0 9. Rd1 b6 10. h4 Bb7 11. Ng5 Qe7 12. Be5 Nxe5 13. dxe5 Ne4 14. f3 Nxg5 15. hxg5 g6 16. f4 Rfd8 17. Qf2 Qc5 18. Qh4 Qe3+ 19. Be2 Bxc3+ 20. bxc3 Qxc3+ 21. Kf1 Kf8 22. Qxh7 Ke7 23. Qg7 Rf8 24. Qf6+ Ke8 25. Rh3 Qc2 26. cxd5 Bxd5 27. Rxd5 1-0

[Event "Warsaw Najdorf Memorial op-A"]
[Site "Warsaw"]
[Date "2012.08.10"]
[Round "6"]
[White "Jarmula, Pawel"]
[Black "Solnicki, Michal"]
[Result "0-1"]
[WhiteElo "2180"]
[BlackElo "2141"]
[PlyCount "106"]
[EventDate "2012.08.06"]
[EventType "swiss"]
[EventRounds "9"]
[EventCountry "POL"]
[SourceTitle "CBM 149 Extra"]
[Source "ChessBase"]
[SourceDate "2012.08.24"]
[SourceVersion "1"]
[SourceVersionDate "2012.08.24"]
[SourceQuality "1"]

1. d4 Nf6 2. c4 g6 3. g3 Bg7 4. Bg2 0-0 5. Nc3 d6 6. e4 e5 7. Nge2 Nh5 8. dxe5 dxe5 9. Qxd8 Rxd8 10. Nd5 Na6 11. Ne7+ Kf8 12. Nxc8 Raxc8 13. 0-0 Nb4 14. Be3 Ke8 15. Rfc1 Bf8 16. a3 Nd3 17. Rc2 Bc5 18. Rd1 Bxe3 19. fxe3 Nf6 20. Nc3 c6 21. Rcd2 Nc5 22. b4 Nb3 23. Rb2 Rxd1+ 24. Nxd1 Rd8 25. Nf2 Nd2 26. Rc2 Nb1 27. a4 Rd2 28. Rxd2 Nxd2 29. c5 a5 30. bxa5 Nd7 31. Nd3 Nb3 32. a6 bxa6 33. Nb4 Nb8 34. Nd3 f6 35. Bh3 a5 36. Be6 Nd2 37. Nb2 Na6 38. Bg8 Nxc5 39. Kf2 Kf8 40. Ke2 Ndxe4 41. Bc4 Nc3+ 42. Kd2 N3xa4 43. Nd1 Nb6 44. Ba2 Nd5 45. Nb2 Ke7 46. Nc4 a4 47. Na5 Nb4 48. Bg8 Ne4+ 49. Kc1 a3 50. Nc4 a2 51. Kb2 Kf8 52. Be6 Nc5 53. Bg4 Nb3 0-1

[Event "Warsaw Najdorf Memorial op-A"]
[Site "Warsaw"]
[Date "2011.07.21"]
[Round "8"]
[White "Solnicki, Michal"]
[Black "Janczarski, Michal"]
[Result "0-1"]
[WhiteElo "2118"]
[BlackElo "2316"]
[PlyCount "106"]
[EventDate "2011.07.13"]
[EventType "swiss"]
[EventRounds "9"]
[EventCountry "POL"]
[SourceTitle "CBM 143 Extra"]
[Source "ChessBase"]
[SourceDate "2011.08.29"]
[SourceVersion "1"]
[SourceVersionDate "2011.08.29"]
[SourceQuality "1"]

1. Nf3 g6 2. g3 Bg7 3. Bg2 e5 4. 0-0 Ne7 5. d4 e4 6. Ne1 d5 7. f3 f5 8. Be3 0-0 9. Qd2 Nbc6 10. c3 Rf7 11. b4 Be6 12. a4 Qf8 13. f4 a5 14. b5 Nb8 15. Qb2 Nd7 16. Nd2 Nb6 17. Bf2 Nec8 18. Nc2 h6 19. Nb3 Nd6 20. Nc5 Bc8 21. Rfd1 g5 22. Qc1 Bf6 23. Kh1 Qe8 24. e3 c6 25. Rb1 Nbc4 26. Na3 b6 27. Nb3 cxb5 28. Nxb5 Nxb5 29. axb5 Qxb5 30. Nd2 Qc6 31. Nxc4 dxc4 32. g4 b5 33. gxf5 Bxf5 34. Rg1 g4 35. h3 h5 36. Bf1 Rg7 37. Qb2 Bd7 38. Be2 Be7 39. Qa2 Qh6 40. Kh2 Kh8 41. Rg2 a4 42. Qc2 Qe6 43. hxg4 hxg4 44. Bg3 a3 45. Qa2 Rh7+ 46. Kg1 Rh3 47. f5 Qh6 48. Be5+ Kh7 49. Bf4 Rh1+ 50. Kf2 Bh4+ 51. Bg3 Bxg3+ 52. Rxg3 Qh2+ 53. Rg2 g3# 0-1

[Event "Warsaw Najdorf Memorial op-A"]
[Site "Warsaw"]
[Date "2011.07.20"]
[Round "7"]
[White "Adamowicz, Maciej"]
[Black "Solnicki, Michal"]
[Result "0-1"]
[WhiteElo "1989"]
[BlackElo "2118"]
[PlyCount "83"]
[EventDate "2011.07.13"]
[EventType "swiss"]
[EventRounds "9"]
[EventCountry "POL"]
[SourceTitle "CBM 143 Extra"]
[Source "ChessBase"]
[SourceDate "2011.08.29"]
[SourceVersion "1"]
[SourceVersionDate "2011.08.29"]
[SourceQuality "1"]

1. c4 c5 2. Nc3 Nc6 3. Nf3 e5 4. d3 g6 5. g3 Bg7 6. Bg2 Nge7 7. 0-0 0-0 8. Rb1 d6 9. a3 a5 10. Bd2 h6 11. Ne1 Be6 12. Nc2 d5 13. cxd5 Nxd5 14. Ne3 Nde7 15. Nc4 Rb8 16. a4 b6 17. Qc1 Kh7 18. f4 Bxc4 19. dxc4 Qd4+ 20. e3 Qxc4 21. b3 Qe6 22. e4 exf4 23. gxf4 f5 24. e5 Nd4 25. Qb2 Rfd8 26. Be3 Nec6 27. Rbd1 Nb4 28. Bxd4 cxd4 29. Nb5 d3 30. Rc1 Rbc8 31. Na3 Bf8 32. Nc4 Bc5+ 33. Kh1 d2 34. Rcd1 Nd3 35. Qxd2 Nf2+ 36. Rxf2 Rxd2 37. Rfxd2 g5 38. Rd7+ Kh8 39. fxg5 Rg8 40. Rb7 Rxg5 41. Rd8+ Rg8 42. Bd5 0-1

[Event "POL-ch U18"]
[Site "Murzasichle"]
[Date "2011.03.07"]
[Round "3"]
[White "Solnicki, Michal"]
[Black "Dragun, Kamil"]
[Result "0-1"]
[WhiteElo "2126"]
[BlackElo "2431"]
[PlyCount "92"]
[EventDate "2011.03.05"]
[EventType "swiss"]
[EventRounds "9"]
[EventCountry "POL"]
[SourceTitle "EXT 2012"]
[Source "ChessBase"]
[SourceDate "2011.11.24"]
[SourceVersion "1"]
[SourceVersionDate "2011.11.24"]
[SourceQuality "1"]

1. d4 Nf6 2. Nf3 g6 3. c4 Bg7 4. Nc3 0-0 5. e4 c5 6. g3 cxd4 7. Nxd4 Nc6 8. Nxc6 dxc6 9. Qxd8 Rxd8 10. Be2 Be6 11. Bg5 h6 12. Bxf6 Bxf6 13. f4 Rd4 14. e5 Bg7 15. Rd1 Rad8 16. Kf2 f6 17. exf6 Bxf6 18. Ke3 Bf5 19. g4 Be6 20. b3 b6 21. Bf3 c5 22. Nb5 R4d7 23. Rxd7 Bxd7 24. Rd1 a6 25. Bc6 Bd4+ 26. Nxd4 Bxc6 27. Nxc6 Rxd1 28. Nxe7+ Kf7 29. Nd5 b5 30. Nc3 Ra1 31. cxb5 axb5 32. Nxb5 Rxa2 33. Nd6+ Ke6 34. Ne4 Rxh2 35. Nxc5+ Kd5 36. Nd7 Rh3+ 37. Kf2 Rxb3 38. Nf6+ Kd4 39. f5 gxf5 40. gxf5 Rb6 41. Ng8 Ke5 42. f6 h5 43. Kg3 Rb8 44. f7 Ke6 45. Nh6 Kf6 46. Kh4 Kg6 0-1